01613cam a22003734i 4500003000900000005001700009008004100026020001800067035002700085040003300112082002300145100003500168245005300203264004800256300003900304336002100343337002500364338002300389504002800412505064600440526001001086526001001096526001001106526001001116526000801126526000801134526000801142526000801150526000801158526000801166526000801174650002701182650003001209PE-LiUPU20250731173404.0150706s2009 tnu rb 000 0 spa d a9781602552784 a(Sirsi) i9781602552784 aPE-LiUPUbspacPE-LiUPUerda04a299.932bV648o2231 aVidal, César,d1958-eautor.14aLos orígenes de la nueva era /cCésar Vidal. 1aNashville,Tennessee :bGrupo Nelson,c2009. a187 páginas ;c22 centímetros. atext2rdacontent aunmediated2rdamedia avolume2rdacarrier aIncluye bibliografía.0 aLos rivales -- La Gnosis (I): su descripción -- La Gnosis (II) su origen -- El cristianismo antes del desafío gnóstico -- El enfrentamiento con la Gnosis -- Simón el mago y la Gnosis samaritana -- Pablo de Tarso y la Gnosis (I): Corinto -- Pablo de Tarso y la Gnosis (I): Colosas -- Pedro y Judas frente a la Gnosis -- Pablo de Tarso y la Gnosis (III): las pastorales -- La escuela de Juan y la Gnosis (II): El Apocalipsis -- La escuela de Juan y la Gnosis (III): la primera carta de Juan -- La influencia recíproca -- Lo que Gnosis tomó del cristianismo. Lo que el cristianismo tomó de la Gnosis -- La Gnosis y la Nueva Era. aSEG42 aSEG41 aSEG40 aSEG39 aP94 aP87 aP86 aP85 aP77 aP76 aP3504aGnosticismoxHistoria.04aCristianismoySiglo I-VI.